Catalog

Record Details

Catalog Search



Osvojení a pěstounská péče v regionálním výzkumu : diplomová práce Cover Image Book Book

Osvojení a pěstounská péče v regionálním výzkumu : diplomová práce Lucie Stráníková ; vedoucí práce PhDr. Jaromír Damek

Record details

  • Physical Description: 61 s. tab. a grafy v textu, 4 příl.
  • Publisher: Praha JABOK - Vyšší sociálně pedagogická a teologická škola 1997

Content descriptions

Bibliography, etc. Note:
bibliogr.

Available copies

  • 1 of 1 copy available at Common Catalog SPOK.

Holds

  • 0 current holds with 1 total copy.
Show Only Available Copies
Location Call Number / Copy Notes Barcode Shelving Location Status Due Date
Jabok Library ABP-0059 424480002071 Absolventské práce Reference -

LDR 00820ntm a22 a 4500
0018721
003CZ-PrJAB
00520020429000000.0
008980212s1997 xr e |||| |cze
009cz
035 . ‡a(CONS)8721
035 . ‡aKPS0004256
040 . ‡a
0410 . ‡acze
10011. ‡72499 ‡aStráníková, Lucie
110 2. ‡aJABOK - Vyšší sociálně pedagogická a teologická škola ‡bPraha
2451 . ‡aOsvojení a pěstounská péče v regionálním výzkumu : ‡bdiplomová práce ‡cLucie Stráníková ; vedoucí práce PhDr. Jaromír Damek
260 . ‡aPraha ‡bJABOK - Vyšší sociálně pedagogická a teologická škola ‡bPraha ‡c1997
300 . ‡a61 s. ‡btab. a grafy v textu, 4 příl.
504 . ‡abibliogr.
653 . ‡aosvojení ‡apěstounská péče ‡anáhradní rodinná péče ‡avýzkum ‡aregiony
70011. ‡71611 ‡aDamek, Jaromír
964 . ‡anáhradní rodina
999 . ‡a59-d ‡c59-d ‡i424480002071 ‡l ‡tP
910 . ‡aABG312
901 . ‡a8721 ‡bUnknown ‡c8721 ‡tbiblio

Additional Resources